Statika i dinamika tonkostennych oboločečnych konstrukcij

Salvato in:
Dettagli Bibliografici
Natura: Libro
Lingua:russo
Pubblicazione: Moskva : Mašinostrojenije, 1975
Soggetti:
Tags: Aggiungi Tag
Nessun Tag, puoi essere il primo ad aggiungerne!!

MARC

LEADER 00000nam a22000003a 4500
001 stu86060
005 20141121203939.3
008 040422s1975----xxr-----------------rus-d
040 |a STU  |b slo 
041 0 |a rus 
044 |a xxr 
080 |a 539.3 
245 |a Statika i dinamika tonkostennych oboločečnych konstrukcij 
260 |a Moskva :  |b Mašinostrojenije,  |c 1975 
300 |a 374 s 
650 7 |a Mechanika pružných látok  |2 stusub 
996 |b 284J020542  |c J*48444  |l JJSK  |s A  |a 24  |w stu86060_0001 
996 |c V*12736/O-3771  |l VV9  |s P  |a 0  |w stu86060_0002